Регионална библиотека "Любен Каравелов" - Русе

Гласове на жени в българската поезия (Запис номер 179258)

MARC детайли
000 -Лидер
Контролно поле с фиксирана дължина 03541nam a2200493 c 4500
003 - Код на организацията, давaща контролен номер
Контролно поле BLK
005 - Дата и час на последна редакция
Контролно поле 20241114005504.0
008 - Елементи от данни с фиксирана дължина
fixed length control field 180411b bul|||||r ||||||| ||bul||
010 ## - Наследен системен номер
LC control number KNG00188037000
020 ## - Международен стандартен номер на книга ISBN
Международен стандартен номер на книга ISBN 978-954-01-3130-6
-- издат.: Просвета
040 ## - Източник на каталожния запис
Идентификатор на билиотеката - собственик на записа BLK
041 ## - Код за език
Код за езика на текст/звукозапис или на отделно заглавие Български
Код за езика КДБФ Български
072 #7 - Код за тематичната категория
Код организация bullib
Код за тематична категория Н82
Текст Литературознание Н
080 ## - УДК
Текстов определител УДК Българска литература
УДК код - определител по УДК 821.163.2
УДК определител -055.2(092)
УДК - код + определител 821.163.2-055.2(092)
080 ## - УДК
Текстов определител УДК Биографии
УДК код - определител по УДК 929
УДК определител (497.2)
УДК - код + определител 929(497.2)
100 ## - Редна дума - Автор
Автор Иванчева, Ирен Иванова
R(LIN) 364329
139 ## - Редно поле
Редна дума Иванчева, Ирен Иванова
Авторски знак Иванч - И 25
245 10 - Сведения за заглавието
Заглавие Гласове на жени в българската поезия
Подзаглавни данни Аспекти на междутекстовост (от средата на ХІХ до 40 -те год. на ХХ в.)
Редно поле (дума) Ирен Иванова Иванчева.
257 ## - Страна на издаване
Страна на създаване/издаване България
260 ## - Област на издателските данни
-- София
Име на издателя, разпространителя и проч. Просвета
Година на издаване 2015
Печатница София : Монт
300 ## - Физическа характеристика
Страници 464 с.
Размери/Мащаб 20 см
380 ## - Жанр
Жанр Литературознание
490 1# - СЕРИИ (Колекции)
Име на серия Нова българска критика
600 14 - Име на лице, използвано като предмет
За него / За нея Мутева, Елена Стефанова
9 (RLIN) 373793
600 14 - Име на лице, използвано като предмет
За него / За нея Казалийска, Рада Вълчева
9 (RLIN) 222678
600 #0 - Име на лице, използвано като предмет
За него / За нея Николица-Спасо-Еленина, Станка
Свързани дати 1835 - 1920
Друга информация поетеса, учителка, живяла в Русе
9 (RLIN) 285788
600 14 - Име на лице, използвано като предмет
За него / За нея Василева, Екатерина Михайлова
9 (RLIN) 341712
600 14 - Име на лице, използвано като предмет
За него / За нея Ненчева, Екатерина Димитрова
9 (RLIN) 383599
600 #0 - Име на лице, използвано като предмет
За него / За нея Габе, Дора Петрова
Друга информация Поетеса и писателка. Преводачка от полски език.
Свързани дати 1886-1983
Пълна форма на името Габе, Изидора Петрова
9 (RLIN) 369524
600 14 - Име на лице, използвано като предмет
За него / За нея Белчева, Мара Иванова
9 (RLIN) 364240
600 14 - Име на лице, използвано като предмет
За него / За нея Петканова, Магда
Свързани дати 16.08.1900 – 16.05.1970
Друга информация Магда Петканова е българска поетеса, сценарист и драматург. За първи път печата свои стихове във вестник „Неделно утро“ през 1923 г. По-късно редовно сътрудничи на „Вестник на жената“, „Демократически преглед“, „Изкуство и критика“. През 1927 г. литературната задруга „Хиперион“ издава първата ѝ стихосбирка „Македонски песни“. Най-значителната ѝ стихосбирка е „Кавали свирят“. След 1945 г. Магда Петканова се отдава на драматургията. Пиесите си пише в стихове. Драмата ѝ „Царица Теодора“ е поставена в Народния театър. Автор и на сценарии за игрални филми и либрета за опери. Превежда от полски, чешки и сърбохърватски.
Пълна форма на името Магда Петканова
9 (RLIN) 383600
650 #4 - Допълнително описание по предмет – тема
Основно описание – тема или топоним Поети, български - творчество
9 (RLIN) 250545
651 #4 - Допълнително описание по предмет - топоним
Географско понятие България
9 (RLIN) 241624
653 ## - Ключова дума – ненормативна
Ключова дума български поети
653 ## - Ключова дума – ненормативна
Ключова дума жени
653 ## - Ключова дума – ненормативна
Ключова дума творчество
659 ## - Тематичен бюлетин
Тематичен бюлетин Н
852 ## - Местоположение
Форматна сигнатура Цб 280683
856 4# - Електронен адрес и достъп
Електронен формат pdf - файл
Път до файла /url/
856 4# - Електронен адрес и достъп
Електронен формат pdf - файл
Път до файла /url/
942 ## - АРТИКУЛИ
Вид на библиотечния материал Книги
Скрит в OPAC Не
944 ## - СЪЗДАВАНЕ И РЕДАКЦИЯ на ЗАПИСА
Създаване/Редакция Създаване
Дата на регистрацията/редакция 28.05.2016
Статус, дата на статуса CRON CRON
Служител, извършил регистрацията/редакцията
944 ## - СЪЗДАВАНЕ И РЕДАКЦИЯ на ЗАПИСА
Създаване/Редакция Редакция
Дата на регистрацията/редакция 07.07.2016
Статус, дата на статуса ф /
Служител, извършил регистрацията/редакцията Людмила_Стоянова
999 ## - СИСТЕМНИ КОНТРОЛНИ НОМЕРА
Koha biblionumber 179258
Koha biblioitemnumber 179258
Наличности
Код за отписване Код за изгубен артикул Източник на класификационната схема Код за повреда Коз за рестрикции Код за отдаване Артикулен № Име на библиотеката - собственик Име на библиотеката, в която се намира в момента Статус (Текущо местоположение) Дата на вписване в системата Местоположение - отдел Цена в лева Инвентарен номер Систематично азбучна сигнатура Баркод Номер на екземпляра Цена в евро Служебна бележка Служебен тип на артикула
  Не е изгубен Universal Decimal Classification Не е повреден без рестрикции ползва се в читалня 307462 Регионална библиотека "Любен Каравелов" Русе Регионална библиотека "Любен Каравелов" Русе Читалня 2016-05-30 Читалня 10.50 120000800396 Ч 821.163.2.09(092)/И 25 120000800396 1 5.37 Дост: Pk Вид: Ф N: 16707 Дата: 27.05.2016 Дата инв: 27.03.2017 Бележки инв: Ч2017 Книги
  Не е изгубен   Не е повреден без рестрикции ползва се в читалня 307463 Регионална библиотека "Любен Каравелов" Русе Регионална библиотека "Любен Каравелов" Русе Хранилище 2016-06-27 Хранилище 15.00 120000801565 Цб 280683 120000801565 2 7.67 Дост: Dp Вид: Д N: 21 Дата: 21.04.2016 Книги
Vip Innovations Ltd, Rousse, Bulgaria 2025